000 01431nam0a22003499 4500
001 RU\NLR\b_ik\5452
005 20250616224230.0
035 _a(NLR Aleph) 002080336
090 _a4846380
_c4846380
100 _a19950127d1993 |||y0rusy50 ca
101 0 _arus
102 _aRU
105 _aa |||||||||
200 1 _aControlled neural network application in track-match problem
_fS.A. Baginyan, G.A. Ososkov
210 _aДубна
_cОбъед. ин-т ядер. исслед.
_d1993
215 _a7 с.
_cил
_d21
225 1 _aСообщения Объед. ин-та ядер.исслед., Дубна
_vЕ10-93-415
300 _aНа 3-й с. обл.: Применение управляемой нейронной сети в проблеме track-match /Багинян С.А., Ососков Г.А. Рез. на рус. яз
320 _aБиблиогр.: с. 6-7
606 0 _aНейронные сети
_xПрименение в ядерной физике
_2nlr-sh1
686 0 _aВ381с21
_2rubbk
700 1 _aBaginjan
_bSergej Agabekovič
_4070
701 1 _aOsoskov
_bGennadij Alekseevič
_f1931-
_4070
801 0 _aRU
_bNLR
_c20011010
_gPSBO
801 1 _aRU
_bNLR
_c20011012
852 _aNLR
_jФз01 Д-4/7234
942 _cBOOK
980 _aNB